Lowering the obstacles to safety on site (Record no. 75693)
[ view plain ]
| 000 -LEADER | |
|---|---|
| fixed length control field | 00865cab a2200193 4500 |
| 001 - CONTROL NUMBER | |
| control field | L130551 |
| 008 - FIXED-LENGTH DATA ELEMENTS--GENERAL INFORMATION | |
| fixed length control field | 050811n2005 000 0 eng u |
| 035 ## - SYSTEM CONTROL NUMBER | |
| System control number | (Sirsi) u130551 |
| 041 ## - LANGUAGE CODE | |
| Language code of text/sound track or separate title | eng |
| 100 ## - MAIN ENTRY--PERSONAL NAME | |
| Personal name | Birkby, Gillian |
| 245 ## - TITLE STATEMENT | |
| Title | Lowering the obstacles to safety on site |
| 260 ## - PUBLICATION, DISTRIBUTION, ETC. | |
| Date of publication, distribution, etc. | 2005 |
| 490 ## - SERIES STATEMENT | |
| Series statement | Planning (for the Natural and Built Environment) |
| Volume/sequential designation | (1631) 5 August 2005, 14(1) |
| 520 ## - SUMMARY, ETC. | |
| Summary, etc. | Argues that increased co-operation between planners and designers on health and safety can reduce workloads. Looks at how planners and designers can work together to make the planning process run more smoothly and reduce the time taken to deal with planning applications. |
| 590 ## - LOCAL NOTE (RLIN) | |
| Local note | IKA160805 |
| 650 ## - SUBJECT ADDED ENTRY--TOPICAL TERM | |
| Topical term or geographic name entry element | CONSTRUCTION (DESIGN AND MANAGEMENT) REGULATIONS 1994 |
| 690 ## - LOCAL SUBJECT ADDED ENTRY--TOPICAL TERM (OCLC, RLIN) | |
| Topical term or geographic name as entry element | MANAGEMENT-HEALTH AND SAFETY-HEALTH AND SAFETY RISK MANAGEMENT |
| 942 ## - ADDED ENTRY ELEMENTS (KOHA) | |
| Suppress in OPAC | 0 |
| Withdrawn status | Lost status | Source of classification or shelving scheme | Damaged status | Not for loan | Home library | Current library | Shelving location | Date acquired | Total Checkouts | Full call number | Barcode | Date last seen | Copy number | Price effective from | Koha item type |
|---|---|---|---|---|---|---|---|---|---|---|---|---|---|---|---|
| Dewey Decimal Classification | London | London | Journal article | 11/08/2005 | L130551 | 130551-1001 | 06/08/2019 | 1 | 06/08/2019 | Journal article |